LEADER 01723nam0 22003613i 450 001 IEI0058258 005 20251003044157.0 020 $aIT$b7911540 100 $a19921019d1979 ||||0itac50 ba 101 | $aita 102 $ait 181 1$6z01$ai $bxxxe 182 1$6z01$an 200 1 $aˆI ‰nodi del potere$ela teoria del governo misto nell'Inghilterra del Seicento$fLorenzo d'Avack 210 $aMilano$cA. Giuffrè$d1979 215 $aXXIII, 265 p.$d24 cm. 225 | $aPubblicazioni dell'Istituto di filosofia del diritto dell'Università di Roma$i. 3. ser 410 0$1001CFI0169229$12001 $aPubblicazioni dell'Istituto di filosofia del diritto dell'Università di Roma$i. 3. ser$171201$aUniversità degli studi di Roma La Sapienza$b : Istituto di filosofia del diritto$3CFIV098209 606 $aInghilterra$xGoverno$xSec. 17.$2FIR$3SBLC125213$9I 606 $aStato$xForme$xInghilterra$xSec. 17.$2FIR$3SBLC125214$9I 676 $a320$9SCIENZA POLITICA (POLITICA E GOVERNO)$v12 676 $a320.0941$9SCIENZA POLITICA. GRAN BRETAGNA$v20 676 $a942$9STORIA. INGHILTERRA E GALLES$v23 700 1$aD'Avack$b, Lorenzo$3CFIV017887$4070$0231738 801 3$aIT$bIT-000000$c19921019 850 $aIT-BN0095 $aIT-NA0043 $aIT-NA0079 901 $bNAP 01$cD $n$ 901 $bNAP BN$cMAGAZZINO $nmagazzini correnti divisi per anni 912 $aIEI0058258 950 0$aBiblioteca Centralizzata di Ateneo$c1 v.$d 01D (AR) 5 325$e 01AR 0070053255 VMA 1 v.$fY $h20230517$i20230517$lFondo Chiomenti$mEx Libris 977 $a 01$a AN$a BN 996 $aNodi del potere$9655643 997 $aUNISANNIO